000 00458nam a22001337a 4500
082 _a624.18341
_bMIL
_cL-26, P-26
110 _aHer Majesty 's Stationary Office
_936935
245 _aMilitary engineering Vol xiv
_bReinforced concrete design
_cHer Majesty 's Stationary Office
260 _aLondon :
_bHer Majesty 's Stationary Office,
_c1964.
300 _axvi, 332 p. :
526 _a0
_b0
_c0
_d624_183410000000000_MIL
650 _aMCE
_9379
942 _2ddc
_cBK
999 _c547069
_d547069